logo

Bir Sreshtho Munshi Abdur Rouf Library
Jhenaidah Cadet College

Outlines of Muhammadan law / (Record no. 9386)

MARC details
000 -LEADER
fixed length control field 00802nam a2200265 a 4500
001 - CONTROL NUMBER
JCCL Control Number 9386
003 - CONTROL NUMBER IDENTIFIER
JCCL marc code BD-JhCC
005 - DATE AND TIME OF LATEST TRANSACTION
control field 20180313175001.0
008 - FIXED-LENGTH DATA ELEMENTS--GENERAL INFORMATION
fixed length control field 180313s1965 enk bv 00110 eng d
035 ## - SYSTEM CONTROL NUMBER
system control number BD-JhCC)9386
040 ## - CATALOGING SOURCE
Transcribing agency IaU-L
Original cataloging agency BD-JhCC
Modifying agency BD-JhCC
041 ## - LANGUAGE CODE
Language code of Book eng
082 ## - DEWEY DECIMAL CLASSIFICATION NUMBER
Classification number 340.52
Author mark and Year FYZ 1964
100 1# - MAIN ENTRY--PERSONAL NAME
Personal name Fyzee, Asaf Ali Asghar,
Dates associated with a name 1899-1981.
245 10 - TITLE STATEMENT
Title Outlines of Muhammadan law /
Statement of responsibility, etc by Asaf A. A. Fyzee.
260 0# - PUBLICATION, DISTRIBUTION, ETC. (IMPRINT)
Place of publication, distribution, etc Oxford :
Name of publisher, distributor, etc Clarendon Press,
Date of publication, distribution, etc 1965.
300 ## - PHYSICAL DESCRIPTION
Pagination xxxvi, 518 p. ;
Dimensions 23 cm.
500 ## - GENERAL NOTE
General note "Companion volume to the Outlines of Muhammadan law (3rd ed., 1964)."
504 ## - BIBLIOGRAPHY, ETC. NOTE
Bibliography, etc Includes Index and Bibliography: p. xxxv-xxxvi.
650 #0 - SUBJECT ADDED ENTRY--TOPICAL TERM
Topical term or geographic name as entry element Islamic law.
650 #0 - SUBJECT ADDED ENTRY--TOPICAL TERM
Topical term or geographic name as entry element Law
Geographic subdivision India
General subdivision Cases.
650 #0 - SUBJECT ADDED ENTRY--TOPICAL TERM
Topical term or geographic name as entry element Law
Geographic subdivision Pakistan
General subdivision Cases.
942 ## - ADDED ENTRY ELEMENTS (KOHA)
Source of classification or shelving scheme Dewey Decimal Classification
Koha item type Books
Holdings
Source of classification or shelving scheme Damaged status Not for loan Home library Current library Shelving location Date of accession Total Checkouts Full call number Barcode Date last seen Copy number Koha item type
Dewey Decimal Classification     JCC Rouf Library JCC Rouf Library General Stacks 03/13/2018   340.52 FYZ 1964 12521 03/13/2018 C-1 Books

JCC Library | Contacts | JCC Home

Last Update on 23 September 2017
Copyright @ 2017-2020 JCC Rouf Library
Rouf Library, Jhenidah Cadet College (JCC), Bangladesh